Continuity and contradiction : the futures of the sociology of education

Saved in:
Bibliographic Details
Other Authors: Pink, William T. (Editor), Noblit, George W. (Editor)
Format: Book
Language:English
Published: New Jersey : Hampton Press, c1995
Series:Understanding education and policy
Subjects:
Tags: Add Tag
No Tags, Be the first to tag this record!

MARC

LEADER 00000nam a2200000 i 4500
001 1/66426
008 990115s1995 eng d
020 |a 1-881303-68-3 
035 |l 10047304 
040 |a GR-MY-UA  |b gre  |e aacr 
041 0 |a eng 
082 0 |a 370.19 
245 1 0 |a Continuity and contradiction :  |b the futures of the sociology of education /  |c Edited by William T. Pink; George W. Noblit 
260 |a New Jersey :   |b Hampton Press,   |c c1995 
300 |a 394 p. 
490 1 |a Understanding education and policy 
504 |a Includes bibliographical refernces and indexes 
650 0 0 |a Educational sociology. 
650 0 0 |a Educational sociology  |x Research. 
700 1 |a Pink, William T.  |4 edt 
700 1 |a Noblit, George W.  |4 edt 
830 0 |a Understanding education and policy 
852 |a INST  |b LESVOS  |e 19990115  |h 370.19 CON  |p 005100016995  |q 005100016995  |t BK  |y 0 
901 |a BIBL-1999-1 
909 |a Λ  |b 061577 
922 |a 1ΕΛΗ  |b 199812  |c ΚΠΣ/ΤΚ  |d ΠΑΠΑΣΩΤΗΡΙΟΥ 
950 |a  103-1998-07-27